000 004770000a22001690004500
090 _aAR
_b00452
245 1 0 _aRelationship between local and regional diversity
650 1 4 _aBiodiversidad
_992204
650 1 4 _aRiqueza de especies
_93326
650 1 4 _aTaxonomía
_992343
650 1 4 _aDensidad poblacional
_97576
041 0 _aInglés
700 1 _aSchluter, Dolph
_993428
100 1 _aCaley, M. Julian
_993429
942 _cARTICULO
773 1 _tEcology
_357
_h1
_q70-80
_d1997
_g78
999 _c9548
_d9548